| 000 | 00581nam a2200181Ia 4500 | ||
|---|---|---|---|
| 999 |
_c1664 _d1664 |
||
| 020 | _a81-220-0360-5 | ||
| 082 | _a323.64095493 VED-; | ||
| 100 | _aVedavalli, L. | ||
| 245 | 0 | _aSocio-economic profile of Sri Lankan repatriates in Kotagiri | |
| 260 |
_aDelhi _bKonark Publishers _c1994 |
||
| 300 | _a204p. | ||
| 504 | _aIncludes index, bibliography | ||
| 650 | _aRepatriation - Kotagiri (Sri Lanka) | ||
| 650 | _aKotagiri (Sri Lanka) - Economic conditions | ||
| 650 | _aKotagiri (Sri Lanka) - Social conditions | ||
| 650 | _aSri Lanka - Emigration and immigration | ||
| 942 | _cBK | ||